[Event "Tromsoe NNM Class1"]
[Site "Tromsoe"]
[Date "2017.06.05"]
[Round "6"]
[White "Schmidt, Kristian H"]
[Black "Engegaerd, Odon Toth"]
[Result "0-1"]
[WhiteElo "1530"]
[BlackElo "1926"]
[PlyCount "70"]
[EventDate "2017.06.02"]
[EventType "swiss"]
[EventRounds "6"]
[EventCountry "NOR"]
[SourceTitle "EXT 2024"]
[Source "ChessBase"]
[SourceDate "2023.10.10"]
[SourceVersion "1"]
[SourceVersionDate "2023.10.10"]
[SourceQuality "1"]

1. b4 e5 2. Bb2 Bxb4 3. Bxe5 Nf6 4. a3 Ba5 5. c4 0-0 6. e3 Re8 7. Nf3 d5 8. cxd5 Nxd5 9. Be2 c5 10. Qc2 Nc6 11. Bb2 Qd6 12. Ng5 Qh6 13. h4 Be6 14. Bd3 Bd8 15. Nxe6 Rxe6 16. Bf5 Rd6 17. Nc3 Nxc3 18. Bxc3 Bf6 19. Qe4 Bxc3 20. dxc3 Rad8 21. 0-0 Qf6 22. Rac1 g6 23. Bg4 Qxh4 24. Qf3 Ne5 25. Qh3 Qxg4 26. Qxg4 Nxg4 27. Rb1 b6 28. a4 Rd3 29. c4 Ra3 30. Ra1 Rxa1 31. Rxa1 Rd2 32. a5 Rxf2 33. axb6 axb6 34. Rb1 Rc2 35. Rxb6 Rc1# 0-1

[Event "Tromsoe NNM Class1"]
[Site "Tromsoe"]
[Date "2017.06.04"]
[Round "5"]
[White "Greibrokk, Maria"]
[Black "Engegaerd, Odon Toth"]
[Result "0-1"]
[WhiteElo "1623"]
[BlackElo "1926"]
[PlyCount "90"]
[EventDate "2017.06.02"]
[EventType "swiss"]
[EventRounds "6"]
[EventCountry "NOR"]
[SourceTitle "EXT 2024"]
[Source "ChessBase"]
[SourceDate "2023.10.10"]
[SourceVersion "1"]
[SourceVersionDate "2023.10.10"]
[SourceQuality "1"]

1. e4 c5 2. Nf3 Nc6 3. d4 cxd4 4. Nxd4 Nf6 5. Nc3 e5 6. Nb3 Bb4 7. Bg5 h6 8. Bxf6 Qxf6 9. Qd3 Qg6 10. Nd2 0-0 11. 0-0-0 Bxc3 12. Qxc3 d6 13. f3 Be6 14. Nc4 Bxc4 15. Qxc4 Rfc8 16. Bd3 b5 17. Qxb5 Rab8 18. Qa4 Nb4 19. Kb1 Qxg2 20. Rdg1 Qf2 21. Rf1 Qb6 22. Qa3 Rc5 23. Qb3 Qc7 24. c4 Nxd3 25. Qxd3 Rxc4 26. Rc1 Qb6 27. b3 Rd4 28. Qc3 Qa6 29. Rhd1 Rxd1 30. Rxd1 Rc8 31. Qd3 Qc6 32. Kb2 g5 33. h3 Kh7 34. a3 Qc5 35. b4 Qf2+ 36. Rd2 Qg1 37. Rd1 Qg2+ 38. Rd2 Qh1 39. Rd1 Qxh3 40. Qxd6 Qxf3 41. Rd3 Qe2+ 42. Rd2 Qxe4 43. Qd7 Qc4 44. Qf5+ Kg8 45. Qxe5 Qc1+ 0-1

[Event "Tromsoe NNM Class1"]
[Site "Tromsoe"]
[Date "2017.06.02"]
[Round "1"]
[White "Engegaerd, Odon Toth"]
[Black "Johansen, Goran"]
[Result "1-0"]
[WhiteElo "1926"]
[BlackElo "1669"]
[PlyCount "77"]
[EventDate "2017.06.02"]
[EventType "swiss"]
[EventRounds "6"]
[EventCountry "NOR"]
[SourceTitle "EXT 2024"]
[Source "ChessBase"]
[SourceDate "2023.10.10"]
[SourceVersion "1"]
[SourceVersionDate "2023.10.10"]
[SourceQuality "1"]

1. e4 c5 2. c3 Nf6 3. e5 Nd5 4. Bc4 e6 5. Nf3 Nb6 6. Bb3 d5 7. d4 h6 8. 0-0 Nc6 9. Bf4 Bd7 10. Bc2 a6 11. Re1 Be7 12. h3 Qc7 13. Nbd2 cxd4 14. Nxd4 Nxd4 15. cxd4 Qd8 16. Re3 Rc8 17. Bd3 Nc4 18. Bxc4 dxc4 19. Ne4 Bc6 20. Nd6+ Bxd6 21. exd6 Bd5 22. Qh5 g5 23. Be5 Rh7 24. f4 Kd7 25. Rf1 Qg8 26. f5 exf5 27. Rxf5 Qg6 28. Qxg6 fxg6 29. Rf6 Rg8 30. Bg3 Rhg7 31. Re5 Bc6 32. Rc5 Rc8 33. Be5 b5 34. d5 Bb7 35. Rc7+ Rxc7 36. dxc7 Re7 37. Bg3 Bc8 38. Rxg6 Bb7 39. Rxh6 1-0

[Event "Tromsoe Mars GP A"]
[Site "Tromsoe"]
[Date "2017.03.26"]
[Round "6"]
[White "Andberg, Tor Arne Heim"]
[Black "Engegaerd, Odon Toth"]
[Result "0-1"]
[WhiteElo "1649"]
[BlackElo "1806"]
[PlyCount "94"]
[EventDate "2017.03.24"]
[EventType "swiss"]
[EventRounds "7"]
[EventCountry "NOR"]
[SourceTitle "EXT 2024"]
[Source "ChessBase"]
[SourceDate "2023.10.10"]
[SourceVersion "1"]
[SourceVersionDate "2023.10.10"]
[SourceQuality "1"]

1. e4 c5 2. Nf3 Nc6 3. Bb5 Qc7 4. 0-0 Nf6 5. Re1 e5 6. Bxc6 dxc6 7. h3 Bd6 8. d3 0-0 9. Nbd2 b5 10. Nf1 Ne8 11. Ne3 g6 12. Ng4 Bxg4 13. hxg4 Nf6 14. Bh6 Rfe8 15. Nh2 Bf8 16. Qc1 Qd7 17. f3 Re6 18. g3 Bxh6 19. Qxh6 Qd4+ 20. Kg2 Qxb2 21. Rac1 Rd8 22. Qd2 c4 23. Rb1 Qxa2 24. Ra1 Qb2 25. Reb1 Qd4 26. Rh1 cxd3 27. c3 Qc5 28. Nf1 Rd7 29. Ne3 Qb6 30. g5 Nh5 31. Ng4 c5 32. Ra2 b4 33. cxb4 Qxb4 34. Qc1 d2 35. Qc2 c4 36. Rb2 Qd6 37. Rd1 Qc7 38. Qc3 Rd3 39. Qc2 Rb6 40. Ra2 Rbb3 41. Rxd2 Rxf3 42. Nh6+ Kg7 43. Rxa7 Rxg3+ 44. Kh2 Rh3+ 45. Kg2 Nf4+ 46. Kf1 Rh1+ 47. Kf2 Qxa7+ 0-1

[Event "NOR North-ch"]
[Site "Tromsoe"]
[Date "2015.05.22"]
[Round "4"]
[White "Johnsen, Kjell Magne"]
[Black "Engegaerd, Odon Toth"]
[Result "1/2-1/2"]
[WhiteElo "2022"]
[BlackElo "1782"]
[PlyCount "47"]
[EventDate "2015.05.22"]
[EventType "swiss"]
[EventRounds "6"]
[EventCountry "NOR"]
[SourceTitle "EXT 2024"]
[Source "ChessBase"]
[SourceDate "2023.10.10"]
[SourceVersion "1"]
[SourceVersionDate "2023.10.10"]
[SourceQuality "1"]

1. d4 d5 2. c4 dxc4 3. Nf3 a6 4. e3 e6 5. Bxc4 c5 6. 0-0 b5 7. Bb3 Bb7 8. Qe2 Nf6 9. Rd1 Nbd7 10. Nbd2 c4 11. Bc2 Be7 12. e4 0-0 13. e5 Nd5 14. Qe4 g6 15. Qg4 Qc7 16. Ne4 c3 17. Bb3 b4 18. Nfg5 Bxg5 19. Nxg5 Rfe8 20. Qh4 Nf8 21. Ne4 Nd7 22. Ng5 Nf8 23. Ne4 Nd7 24. Ng5 1/2-1/2

[Event "NOR-ch U26"]
[Site "Stavanger/Sandnes"]
[Date "2014.11.??"]
[Round "3"]
[White "Engegaerd, Odon Toth"]
[Black "Kyrkjebo, Erlend"]
[Result "0-1"]
[WhiteElo "1774"]
[BlackElo "1967"]
[PlyCount "96"]
[EventDate "2014.11.14"]
[EventType "swiss"]
[EventRounds "6"]
[EventCountry "NOR"]
[SourceTitle "EXT 2024"]
[Source "ChessBase"]
[SourceDate "2023.10.10"]
[SourceVersion "1"]
[SourceVersionDate "2023.10.10"]
[SourceQuality "1"]

1. e4 c5 2. Nf3 d6 3. d4 cxd4 4. Nxd4 Nf6 5. Nc3 g6 6. Be3 Bg7 7. f3 0-0 8. Qd2 Nc6 9. Bc4 Bd7 10. 0-0-0 Rb8 11. h4 b5 12. Bb3 Na5 13. Bh6 Bxh6 14. Qxh6 e5 15. Nde2 b4 16. Nd5 Nxb3+ 17. axb3 Nxd5 18. Rxd5 Rb6 19. h5 Qe7 20. f4 Bc6 21. hxg6 fxg6 22. Rxd6 Bxe4 23. Rhd1 Bxg2 24. fxe5 Rxd6 25. Rxd6 Rf1+ 26. Kd2 Bf3 27. Qe3 Qh4 28. c3 Qe1+ 29. Kd3 Qd1+ 30. Kc4 Qxe2+ 31. Qxe2 Bxe2+ 32. Kxb4 Rf5 33. e6 Rb5+ 34. Ka4 Re5 35. c4 Bg4 36. c5 Rxe6 37. Rd8+ Kf7 38. b4 a6 39. Ka5 Be2 40. Rd7+ Re7 41. Rd4 Bb5 42. Kb6 Re6+ 43. Kb7 g5 44. Rd8 g4 45. Rd4 g3 46. Rf4+ Rf6 47. Rh4 g2 48. Rxh7+ Kg8 0-1

[Event "Budapest FS07 FM-B"]
[Site "Budapest"]
[Date "2013.07.08"]
[Round "3"]
[White "Engegaerd, Odon Toth"]
[Black "Takacs, Zsolt Otto"]
[Result "1-0"]
[WhiteElo "1809"]
[BlackElo "1847"]
[PlyCount "53"]
[EventDate "2013.07.06"]
[EventType "tourn"]
[EventRounds "11"]
[EventCountry "HUN"]
[SourceTitle "CBM 155 Extra"]
[Source "ChessBase"]
[SourceDate "2013.08.26"]
[SourceVersion "1"]
[SourceVersionDate "2013.08.26"]
[SourceQuality "1"]

1. e4 c5 2. Nf3 d6 3. d4 cxd4 4. Nxd4 Nf6 5. Nc3 a6 6. Bc4 e6 7. Bb3 Be7 8. Be3 0-0 9. 0-0 Nc6 10. f4 Qc7 11. a4 Na5 12. Ba2 Rd8 13. Qd3 e5 14. Nf5 Bf8 15. Rad1 Be6 16. Nd5 Bxd5 17. exd5 Rac8 18. fxe5 dxe5 19. Nh6+ gxh6 20. Rxf6 Bg7 21. Bb6 Qd7 22. Bxd8 Rxd8 23. Rff1 Qxa4 24. Ra1 e4 25. Qg3 Qd4+ 26. Kh1 Qxb2 27. Qc7 1-0

[Event "Harstad op-A"]
[Site "Harstad"]
[Date "2012.10.19"]
[Round "3"]
[White "Bjerke, Silje"]
[Black "Engegaerd, Odon Toth"]
[Result "1/2-1/2"]
[WhiteElo "2233"]
[BlackElo "1676"]
[PlyCount "61"]
[EventDate "2012.10.19"]
[EventType "swiss"]
[EventRounds "6"]
[EventCountry "NOR"]
[SourceTitle "EXT 2013"]
[Source "ChessBase"]
[SourceDate "2012.11.22"]
[SourceVersion "1"]
[SourceVersionDate "2012.11.22"]
[SourceQuality "1"]

1. e4 c5 2. Nf3 e6 3. d4 cxd4 4. Nxd4 a6 5. Nc3 Qb6 6. Nb3 Qc7 7. Bd3 b5 8. Be3 Nf6 9. 0-0 Bb7 10. a3 Be7 11. f4 d6 12. Qe1 0-0 13. Qg3 Nbd7 14. Rae1 Rac8 15. Kh1 Kh8 16. Nd4 Nc5 17. Bd2 Qb6 18. Nf3 Rfd8 19. Qh3 h6 20. b4 Nxd3 21. cxd3 Rc7 22. Rc1 Kg8 23. Rfe1 Bc8 24. Be3 Qb7 25. Qg3 Nh5 26. Qf2 Bf6 27. e5 dxe5 28. Bb6 Nxf4 29. Bxc7 Nxd3 30. Qd2 Nxe1 31. Bxd8 1/2-1/2

[Event "Narvik Rallarsjakken A"]
[Site "Narvik"]
[Date "2012.04.20"]
[Round "4"]
[White "Engegaerd, Odon Toth"]
[Black "Machlik, Endre"]
[Result "1-0"]
[WhiteElo "1407"]
[BlackElo "1469"]
[PlyCount "87"]
[EventDate "2012.04.20"]
[EventType "swiss"]
[EventRounds "5"]
[EventCountry "NOR"]
[SourceTitle "EXT 2024"]
[Source "ChessBase"]
[SourceDate "2023.10.10"]
[SourceVersion "1"]
[SourceVersionDate "2023.10.10"]
[SourceQuality "1"]

1. e4 c5 2. Nf3 d6 3. d4 cxd4 4. Nxd4 Nf6 5. Nc3 g6 6. f3 Bg7 7. Be3 0-0 8. Qd2 Nc6 9. 0-0-0 Bd7 10. g4 h5 11. gxh5 Nxh5 12. Be2 Bh3 13. f4 Nf6 14. f5 Ne5 15. Rhg1 Qa5 16. Rg3 Bg4 17. fxg6 Bxe2 18. gxf7+ Rxf7 19. Qxe2 Rc8 20. Nb3 Qb4 21. Rd4 Qb6 22. Ra4 Qc6 23. Nd4 Qc7 24. Nf5 Nc4 25. Nh6+ Kf8 26. Nxf7 Kxf7 27. Qg2 Bh8 28. Qf2 Nxb2 29. Kxb2 Qxc3+ 30. Kb1 Ke8 31. Bd4 Qc6 32. Raa3 Qxe4 33. Rae3 Qc6 34. Qe2 Nd5 35. Qh5+ Kd7 36. Qf5+ Kd8 37. Bxh8 Nxe3 38. Rxe3 Qb6+ 39. Rb3 Qg1+ 40. Kb2 Qxh2 41. Qf8+ Kd7 42. Rxb7+ Rc7 43. Qf5+ Kd8 44. Rb8+ 1-0

[Event "Narvik Rallarsjakken A"]
[Site "Narvik"]
[Date "2012.04.20"]
[Round "3"]
[White "Hansen, Ola"]
[Black "Engegaerd, Odon Toth"]
[Result "1/2-1/2"]
[WhiteElo "1784"]
[BlackElo "1407"]
[PlyCount "37"]
[EventDate "2012.04.20"]
[EventType "swiss"]
[EventRounds "5"]
[EventCountry "NOR"]
[SourceTitle "EXT 2024"]
[Source "ChessBase"]
[SourceDate "2023.10.10"]
[SourceVersion "1"]
[SourceVersionDate "2023.10.10"]
[SourceQuality "1"]

1. e4 c5 2. Nf3 e6 3. d3 a6 4. g3 b5 5. Bg2 Bb7 6. 0-0 Be7 7. Re1 Nf6 8. Nbd2 0-0 9. Nf1 d6 10. h4 Nbd7 11. N1h2 Qc7 12. Ng5 h6 13. Nh3 Nh7 14. Be3 Rac8 15. Qd2 Bf6 16. c3 Rfe8 17. Ng4 Be7 18. Rac1 Ndf6 19. Nxf6+ 1/2-1/2

[Event "Narvik Rallarsjakken A"]
[Site "Narvik"]
[Date "2012.04.20"]
[Round "1"]
[White "Larsen, Martin Halsvik"]
[Black "Engegaerd, Odon Toth"]
[Result "1-0"]
[WhiteElo "2032"]
[BlackElo "1407"]
[PlyCount "85"]
[EventDate "2012.04.20"]
[EventType "swiss"]
[EventRounds "5"]
[EventCountry "NOR"]
[SourceTitle "EXT 2024"]
[Source "ChessBase"]
[SourceDate "2023.10.10"]
[SourceVersion "1"]
[SourceVersionDate "2023.10.10"]
[SourceQuality "1"]

1. e4 c5 2. b4 cxb4 3. a3 bxa3 4. Bxa3 Nc6 5. Nf3 d6 6. Bc4 Nf6 7. d3 g6 8. Ng5 Ne5 9. Bb3 Qa5+ 10. Kf1 h6 11. Bb2 Qc7 12. Bxe5 hxg5 13. Bd4 a6 14. Nc3 e5 15. Qf3 Bg7 16. Ba4+ Kf8 17. Qxf6 Bxf6 18. Nd5 Qb8 19. Bb6 Be6 20. Nxf6 Ke7 21. Nd5+ Bxd5 22. exd5 Qc8 23. c4 Qf5 24. Bc2 g4 25. Ke2 Qh5 26. Kd2 f5 27. g3 Rhf8 28. d4 exd4 29. Bxd4 Rfc8 30. Rhe1+ Kf7 31. Rab1 Rc7 32. Re6 Rd7 33. Rf6+ Kg8 34. Rb6 Rc8 35. Kd3 Kh7 36. Ba4 Rdc7 37. Rbxd6 Qh3 38. Rxg6 Qf1+ 39. Kd2 Rxc4 40. Rh6+ Kg8 41. Rdg6+ Kf7 42. Rg7+ Kf8 43. Rh8# 1-0